LEADER 00988nam a2200253 u 4500 001 000000042714 003 CaOOAMICUS 005 20070226114345.0 008 990308s1954 it a u000 u ita u 035 $a10816592 040 $aPUL(R)$bita 100 1 $aSorrentino, B.$0(OLS)http://pul/name/31329 245 13$aLa sterilità coniugale /$cprof. B. Sorrentino e Prof. M. Sorrentino. 260 $aRoma :$bAbruzzini Editore,$c1954. 300 $a282 p. :$bill. ;$c26 cm 500 $aInclude indici. 504 $aBibliografia p. 255. 650 4$aGinecologia.$0(OLS)http://pul/subject/15811 700 1 $aSorrentino, M.$0(OLS)http://pul/name/31330 850 $aPUL 852 $aPUL$W1$xDP2 Diritto e Scienze Sociali 1$y65$m207 A 29$j57664$nBK-PRI$qStampati$B57664$CPULBib$Z2$F57664 $H19168 $82 941 1 $a8 996 $6245$aLa sterilità coniugale$9(OLS)http://pul/title/57627 996 $6260$aRoma :$bAbruzzini Editore$9(OLS)http://pul/publisher/64976 LEADER 01108nam a2200277 u 4500 001 000000060603 003 CaOOAMICUS 005 20070226120930.0 008 010726s1999 it u000 u ita u 020 $a8831133373 035 $a10898686 040 $aPUL(R)$bita 100 1 $aVandeleene, Michel.$0(OLS)http://pul/name/38081 245 10$aIo, il fratello, Dio nel pensiero di Chiara Lubich /$cMichel Vandeleene. 260 $aRoma :$bCittà Nuova,$c1999. 300 $a410 p. ;$c21 cm 490 1 $aCollana di teologia ;$v37 600 14$aLubich, Chiara,$d1920-2008.$0(OLS)http://pul/subject/1557 830 0$aCollana di teologia ;$v37.$0(OLS)http://pul/title/18581 850 $aPUL 852 $aPUL$W1$xSL Religione 1$y3$m57 I 88.37$j79025$nBK-PRI$b $qStampati$B79025$CPULBib$Z2$F79025 $H $81 941 1 $a8 961 $aINV: 84115 996 $6020$a8831133373$9(OLS)http://pul/number/78211 996 $6245$aIo, il fratello, Dio nel pensiero di Chiara Lubich$9(OLS)http://pul/title/80983 996 $6260$aRoma :$bCittà Nuova$9(OLS)http://pul/publisher/47927